[Event "DEM U10w 2021"]
[Site "Willingen GER"]
[Date "2021.08.25"]
[Round "5"]
[White "Margaryan, Mane"]
[Black "Mader, Theresa"]
[Result "1/2-1/2"]
[Termination "normal"]
[Board "11"]
[WhiteElo "893"]
[BlackElo "1078"]
[WhiteClock "00:17:57"]
[BlackClock "00:52:28"]
[PlyCount "98"]
[WhiteFideId "16268237"]
[BlackFideId "34605657"]
[EventCountry "GER"]
[EventRounds "11"]
[EventType "swiss"]
[EventDate "2021.08.22"]

1. d4 {[%clk 01:15:59]} {[%emt 00:00:01]} c6 {[%clk 01:15:53]} {[%emt
00:00:07]} 2. c4 {[%clk 01:16:17]} {[%emt 00:00:12]} d5 {[%clk 01:16:16]}
{[%emt 00:00:07]} 3. cxd5 {[%clk 01:16:10]} {[%emt 00:00:37]} cxd5 {[%clk
01:16:35]} {[%emt 00:00:10]} 4. Nc3 {[%clk 01:16:17]} {[%emt 00:00:23]} Nf6
{[%clk 01:16:43]} {[%emt 00:00:22]} 5. Bg5 {[%clk 01:15:58]} {[%emt 00:00:49]}
Bf5 {[%clk 01:16:28]} {[%emt 00:00:44]} 6. e3 {[%clk 01:15:11]} {[%emt
00:01:17]} Nc6 {[%clk 01:16:13]} {[%emt 00:00:46]} 7. Bd3 {[%clk 01:11:04]}
{[%emt 00:04:36]} Bxd3 {[%clk 01:14:43]} {[%emt 00:02:01]} 8. Qxd3 {[%clk
01:11:03]} {[%emt 00:00:31]} h6 {[%clk 01:14:37]} {[%emt 00:00:36]} 9. Bh4
{[%clk 01:10:39]} {[%emt 00:00:55]} e6 {[%clk 01:14:25]} {[%emt 00:00:41]} 10.
Rc1 {[%clk 01:06:40]} {[%emt 00:04:29]} Bb4 {[%clk 01:13:06]} {[%emt 00:01:49]}
11. Nf3 {[%clk 01:01:27]} {[%emt 00:05:42]} Bd6 {[%clk 01:10:30]} {[%emt
00:03:06]} 12. O-O {[%clk 01:01:03]} {[%emt 00:00:55]} Qd7 {[%clk 01:07:38]}
{[%emt 00:03:23]} 13. Rfe1 {[%clk 00:59:13]} {[%emt 00:02:18]} g5 {[%clk
01:03:43]} {[%emt 00:04:26]} 14. Bg3 {[%clk 00:59:14]} {[%emt 00:00:29]} Bxg3
{[%clk 01:01:59]} {[%emt 00:02:14]} 15. fxg3 {[%clk 00:59:16]} {[%emt
00:00:27]} h5 {[%clk 01:01:33]} {[%emt 00:00:57]} 16. Nxg5 {[%clk 00:57:22]}
{[%emt 00:02:33]} h4 {[%clk 01:00:54]} {[%emt 00:01:00]} 17. gxh4 {[%clk
00:53:08]} {[%emt 00:04:44]} Rxh4 {[%clk 01:01:02]} {[%emt 00:00:21]} 18. Rf1
{[%clk 00:51:38]} {[%emt 00:02:00]} Rh5 {[%clk 00:59:11]} {[%emt 00:02:22]} 19.
Rxf6 {[%clk 00:51:07]} {[%emt 00:01:01]} Rxg5 {[%clk 00:59:05]} {[%emt
00:00:36]} 20. Qh7 {[%clk 00:50:16]} {[%emt 00:01:21]} Rf5 {[%clk 00:57:42]}
{[%emt 00:01:52]} 21. Rxf5 {[%clk 00:47:55]} {[%emt 00:02:51]} exf5 {[%clk
00:57:52]} {[%emt 00:00:20]} 22. Qg8+ {[%clk 00:47:42]} {[%emt 00:00:44]} Ke7
{[%clk 00:57:44]} {[%emt 00:00:38]} 23. Qxa8 {[%clk 00:47:58]} {[%emt
00:00:14]} Kd6 {[%clk 00:57:07]} {[%emt 00:01:08]} 24. Qh8 {[%clk 00:45:53]}
{[%emt 00:02:34]} Qe7 {[%clk 00:56:37]} {[%emt 00:00:59]} 25. Nb5+ {[%clk
00:43:31]} {[%emt 00:02:53]} Kd7 {[%clk 00:56:25]} {[%emt 00:00:42]} 26. Qh3
{[%clk 00:40:44]} {[%emt 00:03:16]} Qe6 {[%clk 00:55:48]} {[%emt 00:01:07]} 27.
Rf1 {[%clk 00:39:18]} {[%emt 00:01:57]} a6 {[%clk 00:55:16]} {[%emt 00:01:03]}
28. Nc3 {[%clk 00:38:17]} {[%emt 00:01:30]} Ne7 {[%clk 00:54:50]} {[%emt
00:00:55]} 29. Qg3 {[%clk 00:32:45]} {[%emt 00:06:03]} Kc6 {[%clk 00:54:07]}
{[%emt 00:01:13]} 30. Rc1 {[%clk 00:32:10]} {[%emt 00:01:05]} Kd7 {[%clk
00:53:48]} {[%emt 00:01:25]} 31. Na4 {[%clk 00:31:15]} {[%emt 00:01:26]} Nc6
{[%clk 00:53:38]} {[%emt 00:00:39]} 32. Nb6+ {[%clk 00:31:25]} {[%emt
00:00:20]} Ke7 {[%clk 00:53:44]} {[%emt 00:00:24]} 33. Qc7+ {[%clk 00:31:14]}
{[%emt 00:00:42]} Kf6 {[%clk 00:53:31]} {[%emt 00:00:42]} 34. Rc3 {[%clk
00:26:04]} {[%emt 00:05:40]} Na5 {[%clk 00:51:55]} {[%emt 00:02:07]} 35. b4
{[%clk 00:26:04]} {[%emt 00:00:30]} Nc6 {[%clk 00:51:42]} {[%emt 00:00:43]} 36.
Qxb7 {[%clk 00:25:29]} {[%emt 00:01:04]} Nd8 {[%clk 00:51:32]} {[%emt
00:00:41]} 37. Qxa6 {[%clk 00:24:30]} {[%emt 00:01:29]} Nc6 {[%clk 00:51:32]}
{[%emt 00:00:30]} 38. Na4 {[%clk 00:21:54]} {[%emt 00:03:06]} Kg7 {[%clk
00:51:07]} {[%emt 00:00:55]} 39. Qxc6 {[%clk 00:21:38]} {[%emt 00:00:46]} Qe7
{[%clk 00:51:11]} {[%emt 00:00:26]} 40. b5 {[%clk 00:21:36]} {[%emt 00:00:32]}
f4 {[%clk 00:51:23]} {[%emt 00:00:32]} 41. Qxd5 {[%clk 00:19:19]} {[%emt
00:02:32]} fxe3 {[%clk 00:51:31]} {[%emt 00:00:23]} 42. Qf3 {[%clk 00:19:24]}
{[%emt 00:00:25]} e2 {[%clk 00:51:37]} {[%emt 00:00:23]} 43. Rc1 {[%clk
00:18:32]} {[%emt 00:01:22]} e1=Q+ {[%clk 00:51:40]} {[%emt 00:00:27]} 44. Rxe1
{[%clk 00:18:32]} {[%emt 00:00:30]} Qxe1+ {[%clk 00:52:01]} {[%emt 00:00:10]}
45. Qf1 {[%clk 00:18:54]} {[%emt 00:00:08]} Qe3+ {[%clk 00:52:07]} {[%emt
00:00:23]} 46. Qf2 {[%clk 00:18:56]} {[%emt 00:00:28]} Qc1+ {[%clk 00:52:18]}
{[%emt 00:00:19]} 47. Qf1 {[%clk 00:19:08]} {[%emt 00:00:18]} Qe3+ {[%clk
00:52:38]} {[%emt 00:00:10]} 48. Kh1 {[%clk 00:18:14]} {[%emt 00:01:24]} Qxd4
{[%clk 00:52:31]} {[%emt 00:00:37]} 49. b6 {[%clk 00:17:57]} {[%emt 00:00:47]}
Qd7 {[%clk 00:52:28]} {[%emt 00:00:33]} 1/2-1/2

[Event "DEM U10w 2021"]
[Site "Willingen GER"]
[Date "2021.08.25"]
[Round "5"]
[White "Frydel, Helena"]
[Black "Amrhein, Yana"]
[Result "1/2-1/2"]
[Termination "normal"]
[Board "13"]
[WhiteElo "966"]
[BlackElo "735"]
[WhiteClock "00:45:06"]
[BlackClock "01:13:06"]
[PlyCount "50"]
[WhiteFideId "16266536"]
[BlackFideId "34638253"]
[EventCountry "GER"]
[EventRounds "11"]
[EventType "swiss"]
[EventDate "2021.08.22"]

1. e4 {[%clk 01:15:58]} {[%emt 00:00:01]} d6 {[%clk 01:15:52]} {[%emt
00:00:07]} 2. d4 {[%clk 01:16:21]} {[%emt 00:00:08]} g6 {[%clk 01:16:07]}
{[%emt 00:00:15]} 3. Nf3 {[%clk 01:16:13]} {[%emt 00:00:39]} Bg7 {[%clk
01:16:23]} {[%emt 00:00:14]} 4. Nc3 {[%clk 01:15:54]} {[%emt 00:00:48]} Nf6
{[%clk 01:16:30]} {[%emt 00:00:22]} 5. Be2 {[%clk 01:16:09]} {[%emt 00:00:16]}
Nbd7 {[%clk 01:15:51]} {[%emt 00:01:08]} 6. O-O {[%clk 01:15:36]} {[%emt
00:01:05]} c6 {[%clk 01:16:14]} {[%emt 00:00:08]} 7. Be3 {[%clk 01:12:04]}
{[%emt 00:04:02]} b5 {[%clk 01:15:57]} {[%emt 00:00:47]} 8. a3 {[%clk
01:09:50]} {[%emt 00:02:44]} a5 {[%clk 01:15:23]} {[%emt 00:01:04]} 9. Qd2
{[%clk 01:08:07]} {[%emt 00:02:13]} Ba6 {[%clk 01:15:03]} {[%emt 00:00:50]} 10.
h3 {[%clk 01:02:28]} {[%emt 00:06:08]} d5 {[%clk 01:14:09]} {[%emt 00:01:24]}
11. e5 {[%clk 01:01:19]} {[%emt 00:01:39]} Ne4 {[%clk 01:13:56]} {[%emt
00:00:43]} 12. Qd1 {[%clk 00:57:04]} {[%emt 00:04:45]} Nxc3 {[%emt 00:00:33]}
13. bxc3 {[%clk 00:57:18]} {[%emt 00:00:15]} b4 {[%clk 01:13:54]} {[%emt
00:00:32]} 14. Bxa6 {[%clk 00:56:37]} {[%emt 00:01:11]} Rxa6 {[%clk 01:14:09]}
{[%emt 00:00:15]} 15. axb4 {[%clk 00:56:53]} {[%emt 00:00:14]} Ra8 {[%clk
01:13:52]} {[%emt 00:00:46]} 16. Qd2 {[%clk 00:53:46]} {[%emt 00:03:38]} axb4
{[%clk 01:14:02]} {[%emt 00:00:21]} 17. cxb4 {[%clk 00:53:31]} {[%emt
00:00:43]} Rxa1 {[%clk 01:14:14]} {[%emt 00:00:17]} 18. Rxa1 {[%clk 00:53:48]}
{[%emt 00:00:13]} O-O {[%clk 01:14:17]} {[%emt 00:00:27]} 19. Bh6 {[%clk
00:53:57]} {[%emt 00:00:22]} Qb6 {[%clk 01:13:51]} {[%emt 00:00:57]} 20. c3
{[%clk 00:50:57]} {[%emt 00:03:51]} e6 {[%clk 01:13:21]} {[%emt 00:00:39]} 21.
h4 {[%clk 00:49:16]} {[%emt 00:02:10]} f5 {[%clk 01:12:42]} {[%emt 00:01:08]}
22. Kh1 {[%clk 00:47:10]} {[%emt 00:02:37]} Qb7 {[%clk 01:12:14]} {[%emt
00:00:58]} 23. Kh2 {[%clk 00:45:31]} {[%emt 00:02:10]} Nb8 {[%clk 01:12:32]}
{[%emt 00:00:13]} 24. Rh1 {[%clk 00:45:06]} {[%emt 00:00:52]} Qf7 {[%emt
00:00:21]} 25. Bxg7 {[%emt 00:08:10]} Kxg7 {[%clk 01:13:06]} {[%emt 00:00:02]}
1/2-1/2

[Event "DEM U10w 2021"]
[Site "Willingen GER"]
[Date "2021.08.25"]
[Round "5"]
[White "Wilke, Ronja"]
[Black "Leistritz, Romina"]
[Result "0-1"]
[Termination "normal"]
[Board "15"]
[WhiteElo "823"]
[BlackElo "1047"]
[WhiteClock "00:23:37"]
[BlackClock "00:35:46"]
[PlyCount "72"]
[WhiteFideId "16288378"]
[EventCountry "GER"]
[EventRounds "11"]
[EventType "swiss"]
[EventDate "2021.08.22"]

1. e4 {[%clk 01:15:58]} {[%emt 00:00:02]} c5 {[%clk 01:15:53]} {[%emt
00:00:08]} 2. c3 {[%clk 01:16:18]} {[%emt 00:00:10]} Nc6 {[%clk 01:16:14]}
{[%emt 00:00:10]} 3. d4 {[%clk 01:15:45]} {[%emt 00:01:01]} d6 {[%clk
01:15:33]} {[%emt 00:01:13]} 4. Nf3 {[%clk 01:13:55]} {[%emt 00:02:19]} g6
{[%clk 01:14:16]} {[%emt 00:01:47]} 5. Be2 {[%clk 01:13:31]} {[%emt 00:00:54]}
Bg7 {[%clk 01:14:11]} {[%emt 00:00:35]} 6. d5 {[%clk 01:11:25]} {[%emt
00:02:37]} Na5 {[%emt 00:03:41]} 7. Be3 {[%clk 01:10:00]} {[%emt 00:00:04]} b6
{[%clk 01:09:30]} {[%emt 00:03:52]} 8. Nbd2 {[%clk 01:09:16]} {[%emt 00:01:13]}
Nf6 {[%clk 01:09:07]} {[%emt 00:00:53]} 9. Qc2 {[%clk 00:55:07]} {[%emt
00:14:39]} e6 {[%clk 01:05:13]} {[%emt 00:04:24]} 10. Rd1 {[%clk 00:52:07]}
{[%emt 00:03:30]} Ng4 {[%clk 01:02:40]} {[%emt 00:03:18]} 11. h3 {[%clk
00:49:08]} {[%emt 00:03:14]} Nxe3 {[%clk 01:01:25]} {[%emt 00:01:46]} 12. fxe3
{[%clk 00:49:07]} {[%emt 00:00:29]} exd5 {[%clk 00:59:51]} {[%emt 00:02:05]}
13. Rf1 {[%clk 00:48:20]} {[%emt 00:01:16]} Be6 {[%emt 00:03:05]} 14. Bb5+ Kf8
{[%clk 00:57:36]} {[%emt 00:01:26]} 15. Bc6 {[%clk 00:47:16]} {[%emt 00:00:49]}
Nxc6 {[%clk 00:57:46]} {[%emt 00:00:20]} 16. exd5 {[%clk 00:47:00]} {[%emt
00:00:46]} Bxd5 {[%clk 00:57:57]} {[%emt 00:00:19]} 17. Nb3 {[%clk 00:45:53]}
{[%emt 00:01:36]} Bxf3 {[%clk 00:55:33]} {[%emt 00:02:55]} 18. Rxf3 {[%clk
00:45:43]} {[%emt 00:00:40]} c4 {[%clk 00:51:35]} {[%emt 00:04:29]} 19. Nd2
{[%clk 00:44:51]} {[%emt 00:01:22]} Qh4+ {[%clk 00:50:02]} {[%emt 00:02:03]}
20. Rf2 {[%clk 00:43:43]} {[%emt 00:01:38]} b5 {[%clk 00:48:01]} {[%emt
00:02:32]} 21. Ne4 {[%clk 00:43:36]} {[%emt 00:00:46]} Be5 {[%clk 00:45:12]}
{[%emt 00:03:09]} 22. Nxd6 {[%clk 00:39:19]} {[%emt 00:04:46]} Bxd6 {[%clk
00:44:55]} {[%emt 00:00:48]} 23. Rxd6 {[%clk 00:39:18]} {[%emt 00:00:30]} Ne7
{[%clk 00:44:35]} {[%emt 00:00:51]} 24. b3 {[%clk 00:39:08]} {[%emt 00:00:40]}
Kg7 {[%clk 00:43:41]} {[%emt 00:01:25]} 25. bxc4 {[%clk 00:38:00]} {[%emt
00:01:36]} bxc4 {[%clk 00:44:02]} {[%emt 00:00:11]} 26. Qa4 {[%clk 00:37:43]}
{[%emt 00:00:46]} Rhe8 {[%clk 00:41:45]} {[%emt 00:02:47]} 27. Ra6 {[%clk
00:37:17]} {[%emt 00:00:57]} Nf5 {[%clk 00:41:17]} {[%emt 00:00:57]} 28. Kf1
{[%clk 00:36:46]} {[%emt 00:01:00]} Nxe3+ {[%clk 00:40:08]} {[%emt 00:01:40]}
29. Kg1 {[%clk 00:36:40]} {[%emt 00:00:33]} Rad8 {[%clk 00:39:55]} {[%emt
00:00:46]} 30. Re2 {[%clk 00:35:02]} {[%emt 00:02:07]} Rd1+ {[%clk 00:39:19]}
{[%emt 00:01:05]} 31. Qxd1 {[%clk 00:35:03]} {[%emt 00:00:30]} Nxd1 {[%clk
00:39:11]} {[%emt 00:00:40]} 32. Rxe8 {[%clk 00:35:14]} {[%emt 00:00:17]} Qf2+
{[%clk 00:36:17]} {[%emt 00:03:25]} 33. Kh2 {[%clk 00:35:17]} {[%emt 00:00:28]}
Nxc3 {[%clk 00:35:49]} {[%emt 00:00:58]} 34. a4 {[%clk 00:26:23]} {[%emt
00:09:23]} Nd5 {[%clk 00:35:42]} {[%emt 00:00:38]} 35. Rc8 {[%clk 00:24:30]}
{[%emt 00:02:23]} Nf4 {[%clk 00:35:31]} {[%emt 00:00:41]} 36. Rxg6+ {[%clk
00:23:37]} {[%emt 00:01:19]} hxg6 {[%clk 00:35:46]} {[%emt 00:00:19]} 0-1

[Event "DEM U10w 2021"]
[Site "Willingen GER"]
[Date "2021.08.25"]
[Round "5"]
[White "Wartenberg, Adelia"]
[Black "Rößler, Helena"]
[Result "0-1"]
[Termination "normal"]
[Board "16"]
[WhiteElo "791"]
[BlackElo "1123"]
[WhiteClock "01:01:53"]
[BlackClock "00:37:40"]
[PlyCount "48"]
[WhiteFideId "34601830"]
[BlackFideId "16266692"]
[EventCountry "GER"]
[EventRounds "11"]
[EventType "swiss"]
[EventDate "2021.08.22"]

1. e4 {[%clk 01:15:59]} {[%emt 18:07:17]} e5 {[%clk 01:15:54]} {[%emt
00:00:06]} 2. Bc4 {[%clk 01:16:24]} {[%emt 00:00:06]} Nf6 {[%clk 01:16:14]}
{[%emt 00:00:10]} 3. Nc3 {[%clk 01:16:33]} {[%emt 00:00:21]} Bc5 {[%clk
01:16:12]} {[%emt 00:00:32]} 4. Nf3 {[%clk 01:16:50]} {[%emt 00:00:13]} d6
{[%clk 01:16:01]} {[%emt 00:00:40]} 5. d3 {[%clk 01:17:01]} {[%emt 00:00:19]}
h6 {[%clk 01:16:14]} {[%emt 00:00:18]} 6. O-O {[%clk 01:17:14]} {[%emt
00:00:16]} Bg4 {[%clk 01:16:36]} {[%emt 00:00:08]} 7. h3 {[%clk 01:15:01]}
{[%emt 00:02:43]} Bh5 {[%clk 01:16:41]} {[%emt 00:00:26]} 8. Ne2 {[%clk
01:14:23]} {[%emt 00:01:07]} Nc6 {[%clk 01:15:52]} {[%emt 00:01:20]} 9. c3
{[%clk 01:14:18]} {[%emt 00:00:35]} O-O {[%clk 01:14:42]} {[%emt 00:01:40]} 10.
Ng3 {[%clk 01:14:21]} {[%emt 00:00:28]} Bg6 {[%clk 01:14:03]} {[%emt 00:01:07]}
11. d4 {[%clk 01:13:12]} {[%emt 00:01:41]} exd4 {[%clk 01:12:27]} {[%emt
00:02:05]} 12. cxd4 {[%clk 01:13:26]} {[%emt 00:00:15]} Bb6 {[%clk 01:08:48]}
{[%emt 00:04:09]} 13. Nh4 {[%clk 01:13:05]} {[%emt 00:00:51]} Bh7 {[%clk
01:05:35]} {[%emt 00:03:40]} 14. e5 {[%clk 01:12:30]} {[%emt 00:01:09]} dxe5
{[%clk 01:05:34]} {[%emt 00:00:31]} 15. Bd3 {[%clk 01:12:22]} {[%emt 00:00:37]}
Bxd3 {[%clk 01:00:38]} {[%emt 00:05:26]} 16. Qxd3 {[%clk 01:12:39]} {[%emt
00:00:12]} Qxd4 {[%clk 00:57:11]} {[%emt 00:03:58]} 17. Qf3 {[%clk 01:12:46]}
{[%emt 00:00:21]} Qxh4 {[%clk 00:52:56]} {[%emt 00:04:46]} 18. Nf5 {[%clk
01:12:52]} {[%emt 00:00:22]} Qh5 {[%clk 00:48:21]} {[%emt 00:05:01]} 19. Qd3
{[%clk 01:11:52]} {[%emt 00:01:36]} Rad8 {[%clk 00:42:47]} {[%emt 00:05:58]}
20. Qc2 {[%emt 00:02:51]} Nd4 {[%clk 00:41:50]} {[%emt 00:00:10]} 21. Ne7+
{[%clk 01:09:42]} {[%emt 00:01:43]} Kh8 {[%clk 00:39:00]} {[%emt 00:03:20]} 22.
Qb1 {[%clk 01:07:42]} {[%emt 00:02:28]} Bc5 {[%clk 00:38:20]} {[%emt 00:01:12]}
23. g4 {[%clk 01:06:49]} {[%emt 00:01:22]} Qxh3 {[%clk 00:37:34]} {[%emt
00:01:18]} 24. Re1 {[%clk 01:01:53]} {[%emt 00:05:25]} Nf3# {[%clk 00:37:40]}
{[%emt 00:00:24]} 0-1

[Event "DEM U10w 2021"]
[Site "Willingen GER"]
[Date "2021.08.25"]
[Round "5"]
[White "Guliyeva, Zahra"]
[Black "Tu, Audrey"]
[Result "0-1"]
[Termination "normal"]
[Board "17"]
[WhiteElo "783"]
[BlackElo "913"]
[WhiteClock "00:54:37"]
[BlackClock "00:25:57"]
[PlyCount "92"]
[WhiteFideId "34630198"]
[BlackFideId "34628568"]
[EventCountry "GER"]
[EventRounds "11"]
[EventType "swiss"]
[EventDate "2021.08.22"]

1. e4 {[%clk 01:15:56]} {[%emt 00:00:05]} e5 {[%clk 01:15:52]} {[%emt
00:00:07]} 2. Nf3 {[%clk 01:16:18]} {[%emt 00:00:07]} Nc6 {[%clk 01:16:16]}
{[%emt 00:00:07]} 3. Bc4 {[%clk 01:16:26]} {[%emt 00:00:13]} Bc5 {[%clk
01:16:43]} {[%emt 00:00:12]} 4. Nc3 {[%clk 01:16:48]} {[%emt 00:00:09]} Nf6
{[%clk 01:17:06]} {[%emt 00:00:06]} 5. d3 {[%clk 01:16:57]} {[%emt 00:00:15]}
h6 {[%clk 01:17:34]} {[%emt 00:00:08]} 6. O-O {[%clk 01:17:22]} {[%emt
00:00:06]} d6 {[%clk 01:17:29]} {[%emt 00:00:35]} 7. h3 {[%clk 01:17:46]}
{[%emt 00:00:05]} O-O {[%clk 01:17:53]} {[%emt 00:00:06]} 8. Be3 {[%clk
01:18:10]} {[%emt 00:00:05]} Bb6 {[%clk 01:18:16]} {[%emt 00:00:07]} 9. Nh4
{[%clk 01:13:25]} {[%emt 00:05:16]} Nd4 {[%clk 01:16:22]} {[%emt 00:02:25]} 10.
Nf5 {[%clk 01:09:50]} {[%emt 00:03:59]} Nxf5 {[%emt 00:04:02]} 11. exf5 {[%clk
01:10:00]} {[%emt 00:00:11]} Bxf5 {[%clk 01:12:26]} {[%emt 00:01:09]} 12. Qf3
{[%clk 01:08:53]} {[%emt 00:01:36]} Qd7 {[%clk 01:09:47]} {[%emt 00:03:11]} 13.
Qxb7 {[%clk 01:06:18]} {[%emt 00:02:48]} Bxe3 {[%clk 01:09:08]} {[%emt
00:01:25]} 14. fxe3 {[%clk 01:06:40]} {[%emt 00:00:09]} c6 {[%clk 01:06:56]}
{[%emt 00:02:42]} 15. Qa6 {[%clk 01:06:19]} {[%emt 00:00:34]} Be6 {[%clk
01:05:37]} {[%emt 00:02:05]} 16. Bb3 {[%clk 01:06:22]} {[%emt 00:00:19]} Qc8
{[%clk 01:03:29]} {[%emt 00:02:46]} 17. Qa4 {[%clk 01:05:04]} {[%emt 00:01:48]}
Nd5 {[%clk 01:00:40]} {[%emt 00:03:19]} 18. Ne4 {[%clk 01:04:30]} {[%emt
00:01:03]} Nxe3 {[%clk 00:58:24]} {[%emt 00:02:49]} 19. Nxd6 {[%clk 01:03:47]}
{[%emt 00:01:35]} Qc7 {[%clk 00:58:24]} {[%emt 00:00:05]} 20. Rfe1 {[%clk
01:03:29]} {[%emt 00:00:46]} Nxc2 {[%clk 00:56:18]} {[%emt 00:02:39]} 21. Bxc2
{[%clk 01:03:27]} {[%emt 00:00:34]} Qxd6 {[%clk 00:56:32]} {[%emt 00:00:13]}
22. d4 {[%clk 01:03:44]} {[%emt 00:00:13]} exd4 {[%clk 00:56:23]} {[%emt
00:00:39]} 23. Qa6 {[%clk 01:03:03]} {[%emt 00:02:41]} Rfd8 {[%clk 00:53:19]}
{[%emt 00:04:44]} 24. Qd3 {[%clk 01:03:09]} {[%emt 00:00:24]} c5 {[%clk
00:52:59]} {[%emt 00:00:50]} 25. Qh7+ {[%clk 01:03:12]} {[%emt 00:00:13]} Kf8
{[%emt 00:00:30]} 26. Rf1 {[%clk 01:03:09]} {[%emt 00:00:31]} Ke7 {[%clk
00:46:03]} {[%emt 00:07:43]} 27. Rf3 {[%clk 01:02:57]} {[%emt 00:00:36]} Rg8
{[%emt 00:01:41]} 28. Raf1 {[%clk 01:01:02]} {[%emt 00:01:12]} Raf8 {[%clk
00:44:53]} {[%emt 00:01:47]} 29. Qe4 {[%clk 01:00:44]} {[%emt 00:00:35]} Kd7
{[%clk 00:44:02]} {[%emt 00:01:34]} 30. Ba4+ {[%clk 01:01:00]} {[%emt
00:00:15]} Kc8 {[%clk 00:43:07]} {[%emt 00:01:24]} 31. Qa8+ {[%clk 01:00:02]}
{[%emt 00:01:14]} Qb8 {[%clk 00:42:42]} {[%emt 00:01:09]} 32. Qc6+ {[%clk
01:00:06]} {[%emt 00:00:26]} Qc7 {[%clk 00:42:43]} {[%emt 00:00:30]} 33. Qa6+
{[%clk 01:00:15]} {[%emt 00:00:20]} Qb7 {[%clk 00:42:56]} {[%emt 00:00:16]} 34.
Qd6 {[%clk 00:59:52]} {[%emt 00:00:46]} Qc7 {[%clk 00:39:43]} {[%emt 00:03:50]}
35. Qa6+ {[%clk 00:59:14]} {[%emt 00:01:08]} Kd8 {[%clk 00:38:31]} {[%emt
00:01:42]} 36. Rb3 {[%clk 00:57:23]} {[%emt 00:02:07]} Bxb3 {[%clk 00:38:50]}
{[%emt 00:00:25]} 37. Bxb3 {[%clk 00:57:37]} {[%emt 00:00:16]} h5 {[%clk
00:36:34]} {[%emt 00:02:47]} 38. Qb5 {[%clk 00:57:26]} {[%emt 00:00:25]} Rh8
{[%clk 00:34:49]} {[%emt 00:02:29]} 39. Re1 {[%clk 00:57:27]} {[%emt 00:00:29]}
Qd7 {[%clk 00:32:31]} {[%emt 00:02:48]} 40. Qa5+ {[%clk 00:57:21]} {[%emt
00:00:36]} Qc7 {[%clk 00:32:03]} {[%emt 00:00:58]} 41. Qd2 {[%clk 00:57:12]}
{[%emt 00:00:40]} Re8 {[%clk 00:30:34]} {[%emt 00:01:59]} 42. Qg5+ {[%clk
00:55:37]} {[%emt 00:02:01]} f6 {[%clk 00:29:42]} {[%emt 00:01:27]} 43. Qg6
{[%clk 00:55:19]} {[%emt 00:00:47]} Rxe1+ {[%clk 00:29:39]} {[%emt 00:00:33]}
44. Kf2 {[%clk 00:55:32]} {[%emt 00:00:11]} Re7 {[%clk 00:26:53]} {[%emt
00:03:23]} 45. Ba4 {[%clk 00:54:19]} {[%emt 00:01:42]} Qf4+ {[%emt 00:01:21]}
46. Kg1 {[%clk 00:54:37]} {[%emt 00:00:01]} Re1# {[%clk 00:25:57]} {[%emt
00:00:45]} 0-1